[Event "EuTCh"]
[Site "Leon ESP"]
[Date "2001.11.06"]
[Round "1"]
[White "Thorfinnsson,Br"]
[Black "Jobava,Ba"]
[Result "1/2-1/2"]
[WhiteElo "2393"]
[BlackElo "2556"]
[EventDate "2001.11.06"]

1. d4 Nf6 2. c4 g6 3. Nc3 Bg7 4. e4 d6 5. f4 O-O 6. Nf3 c5 7. d5 e6 8. Be2
exd5 9. cxd5 Re8 10. e5 dxe5 11. fxe5 Ng4 12. Bg5 Qb6 13. O-O Nxe5 14. d6
Qxb2 15. Nd5 Nxf3+ 16. Bxf3 Bd4+ 17. Kh1 Qxa1 18. Qxa1 Bxa1 19. Rxa1 Re5
20. Ne7+ Kg7 21. Nxc8 Nd7 22. Bxb7 Rb8 23. Bc6 Rxg5 24. Bxd7 c4 25. Nxa7 c3
26. Ba4 Rd5 27. d7 Rb4 28. Nc6 Rxa4 29. d8=Q Rxd8 30. Nxd8 c2 31. Nc6 Rc4
32. Rc1 Rxc6 33. Kg1 g5 34. h3 Kg6 35. Kf2 Kh5 36. a4 f5 37. a5 Kh4 38. a6
f4 39. a7 Rc8 40. Kf3 Ra8 41. Rxc2 Rxa7 42. Rc6 h5 43. Rh6 Ra3+ 44. Kf2 f3
45. gxf3 Ra2+ 46. Kf1 Rb2 47. Rh8 Rh2 48. Kg1 1/2-1/2

[Event "EuTCh"]
[Site "Leon ESP"]
[Date "2001.11.06"]
[Round "1"]
[White "Mchedlishvili,M"]
[Black "Kristjansson,S"]
[Result "1-0"]
[WhiteElo "2518"]
[BlackElo "2374"]
[EventDate "2001.11.06"]

1. d4 Nf6 2. c4 e6 3. Nf3 b6 4. e3 Bb7 5. Bd3 Bb4+ 6. Nbd2 O-O 7. O-O c5 8.
a3 Bxd2 9. Bxd2 d6 10. b4 Nbd7 11. Bc3 Qc7 12. Nd2 cxd4 13. Bxd4 e5 14. Bb2
e4 15. Be2 Rfe8 16. Qb3 Ne5 17. Rfd1 a5 18. Bd4 Nfd7 19. Rac1 Bc6 20. Qb1
axb4 21. axb4 Ng6 22. Nf1 f5 23. Qb2 Re7 24. Ng3 Rf8 25. Nh5 Nde5 26. c5
bxc5 27. bxc5 d5 28. Nf4 Nh4 29. Qb3 Rd8 30. Qb6 Qd7 31. Ra1 Rc8 32. Bxe5
Rxe5 33. Ra7 Qe8 34. Ba6 Ra8 35. Rc7 Ba4 36. Rxd5 Rxd5 37. Nxd5 Rb8 38. Rb7
Rxb7 39. Bxb7 Qe5 40. Qb1 Bb3 41. Nf4 Bf7 42. c6 g5 43. Ne2 f4 44. Qc1 f3
45. c7 Be6 46. Nd4 fxg2 47. c8=Q+ 1-0

[Event "EuTCh"]
[Site "Leon ESP"]
[Date "2001.11.06"]
[Round "1"]
[White "Seitaj,I"]
[Black "Wedberg,T"]
[Result "0-1"]
[WhiteElo "2386"]
[BlackElo "2529"]
[EventDate "2001.11.06"]

1. e4 e5 2. Nf3 Nc6 3. Bb5 a6 4. Bxc6 dxc6 5. O-O f6 6. d4 Bg4 7. dxe5 Qxd1
8. Rxd1 fxe5 9. Rd3 Bd6 10. Nbd2 b5 11. b3 Ne7 12. Bb2 Ng6 13. g3 O-O 14.
Kg2 c5 15. c4 Bd7 16. Re1 Bc6 17. h4 Rfe8 18. Nh2 Nf8 19. Ng4 h5 20. Ne3
Ne6 21. Nd5 Nd4 22. Nf3 Bb7 23. Ng5 c6 24. Ne3 Bc8 25. Rc1 a5 26. Bxd4 cxd4
27. cxb5 Ba3 28. Rxc6 dxe3 29. Rxe3 Bd7 30. Rb6 Bc5 0-1

[Event "EuTCh"]
[Site "Leon ESP"]
[Date "2001.11.06"]
[Round "1"]
[White "Hector,J"]
[Black "Rama,L"]
[Result "1-0"]
[WhiteElo "2528"]
[BlackElo "2311"]
[EventDate "2001.11.06"]

1. e4 e5 2. Nf3 Nc6 3. Nc3 Nf6 4. g3 Bc5 5. Bg2 d6 6. d3 a6 7. Be3 Bg4 8.
h3 Bxf3 9. Qxf3 Nd4 10. Qd1 Ne6 11. Qd2 Bxe3 12. Qxe3 h5 13. Ne2 h4 14.
O-O-O Nh5 15. d4 Qg5 16. Qxg5 Nxg5 17. dxe5 dxe5 18. Rd5 f6 19. Rhd1 Ne6
20. Bf3 g6 21. gxh4 Rd8 22. Bg4 Rxd5 23. exd5 Nef4 24. Ng3 f5 25. Bxh5 Nxh5
26. d6 c6 27. Nxh5 Rxh5 28. Rg1 Rxh4 29. Rxg6 Kd7 30. Kd2 Rxh3 31. Rg7+
Kxd6 32. Rxb7 Rh2 33. Ke3 f4+ 34. Kf3 e4+ 35. Kxe4 Rxf2 36. c3 Kc5 37. a4
Kc4 38. Rb4+ Kc5 39. a5 Rf1 40. Kd3 f3 41. Rf4 Kb5 42. Rf5+ Ka4 43. Kc4 c5
44. Kxc5 Kxa5 45. b3 1-0

[Event "EuTCh"]
[Site "Leon ESP"]
[Date "2001.11.06"]
[Round "1"]
[White "Vuckovic,Bo"]
[Black "Upton,T"]
[Result "0-1"]
[WhiteElo "2466"]
[BlackElo "2303"]
[EventDate "2001.11.06"]

1. e4 e5 2. Nf3 Nc6 3. Bb5 a6 4. Ba4 d6 5. c3 f5 6. exf5 Bxf5 7. O-O Bd3 8.
Re1 Be7 9. Bc2 Bxc2 10. Qxc2 Nf6 11. d4 e4 12. Ng5 d5 13. f3 h6 14. Nh3 O-O
15. Nd2 exf3 16. Nxf3 Rf7 17. Re2 Bd6 18. Be3 Qd7 19. Nf2 Ng4 20. Qg6 Nxf2
21. Bxf2 Rf6 22. Qd3 Raf8 23. Kh1 Qg4 24. Bg1 Qh5 25. Ne5 Ne7 26. Re3 Qf5
27. Rae1 Qxd3 28. Nxd3 Ng6 29. g3 h5 30. Kg2 Rf5 31. Re8 Kf7 32. Rxf8+ Nxf8
33. h3 Ne6 34. Be3 Ng5 35. Bxg5 Rxg5 36. Re3 Rf5 37. Rf3 Ke6 38. g4 hxg4
39. Re3+ Kf7 40. hxg4 Rf6 41. Rf3 Ke6 42. Rxf6+ Kxf6 43. Kf3 Kg5 44. Nf2
Kh4 45. Nd1 c6 46. Ne3 g6 47. Ng2+ Kg5 48. Ne1 Kf6 49. Nd3 Kg5 50. b3 Kf6
51. c4 g5 52. Ke3 Ke6 53. c5 Bc7 54. Nf2 b5 55. cxb6 Bxb6 56. Nh3 Kf6 57.
b4 a5 58. bxa5 Bxa5 59. Nf2 Bb6 60. Nd3 Ke6 61. a4 Kd6 62. Ne5 Bxd4+ 63.
Kxd4 c5+ 0-1

[Event "EuTCh"]
[Site "Leon ESP"]
[Date "2001.11.06"]
[Round "1"]
[White "Papaioannou,I"]
[Black "Quinn,M"]
[Result "1/2-1/2"]
[WhiteElo "2591"]
[BlackElo "2387"]
[EventDate "2001.11.06"]

1. e4 c5 2. b3 b6 3. Bb2 Bb7 4. Nc3 e6 5. Qf3 a6 6. O-O-O Qc7 7. Re1 Ne7 8.
h4 Nbc6 9. Nge2 h5 10. Qf4 d6 11. Kb1 b5 12. Qe3 Ne5 13. d4 Ng4 14. Qg3
cxd4 15. Nxd4 e5 16. f3 Nh6 17. Nde2 g6 18. Nc1 Bg7 19. Qf2 O-O 20. Nd3
Rad8 21. Rd1 f5 22. Qe1 d5 23. exd5 Nxd5 24. Nxd5 Rxd5 25. Be2 Rc8 26. Nb4
Rxd1+ 27. Qxd1 Rd8 28. Qc1 Nf7 29. Qe3 Bh6 30. Qc3 Qxc3 31. Bxc3 e4 32.
fxe4 fxe4 33. a3 Bd2 34. Bxd2 Rxd2 35. Re1 Nd6 36. Kc1 e3 37. Bd3 Rxg2 38.
Rxe3 Kf7 39. c4 bxc4 40. bxc4 Nf5 41. Bxf5 gxf5 42. c5 1/2-1/2

[Event "EuTCh"]
[Site "Leon ESP"]
[Date "2001.11.06"]
[Round "1"]
[White "Heidenfeld,M"]
[Black "Miladinovic,I"]
[Result "0-1"]
[WhiteElo "2382"]
[BlackElo "2495"]
[EventDate "2001.11.06"]

1. e4 c5 2. Nf3 Nc6 3. d4 cxd4 4. Nxd4 Qc7 5. Nc3 e6 6. g3 a6 7. Bg2 h5 8.
Be3 Nf6 9. h3 Ne5 10. Qe2 Bb4 11. Bd2 Nc4 12. O-O-O Nxd2 13. Qxd2 d6 14.
Nde2 Bd7 15. Qg5 Kf8 16. Rd2 Rc8 17. Rhd1 Bc5 18. Kb1 Rh6 19. Rd3 b5 20. a3
a5 21. e5 dxe5 22. Rxd7 Nxd7 23. Nxb5 Qb6 24. Rxd7 Qxb5 25. Rd8+ Rxd8 26.
Qxd8+ Qe8 27. Qxa5 Bxf2 28. Qxe5 Qd8 29. Ka2 Kg8 30. b4 Rg6 31. Qxh5 Qc7
32. Kb3 Bxg3 33. Qf3 Be5 34. a4 Qd6 35. a5 Qd1 36. Qe4 Qa1 37. c3 Rg5 38.
Bf3 g6 39. Qa8+ Kg7 40. a6 Qb1+ 41. Kc4 Qa2+ 42. Kd3 Bg3 43. Qa7 Rf5 44.
Nd4 Qb1+ 45. Kc4 Rxf3 46. Nxf3 Qf1+ 47. Kb3 Qd1+ 48. Ka3 Qxf3 49. Qd4+ e5
50. Qc5 e4 51. Qc6 Bf2 52. b5 Qd3 53. Kb3 e3 54. a7 e2 55. a8=Q e1=Q 56.
Qa2 Qed1+ 57. Kb4 Bg3 58. Ka5 Qe1 59. Qa3 Be5 60. Ka6 Bxc3 61. Kb7 Qxh3 62.
b6 Qhe3 63. Qad6 Qe4 64. Ka7 Qb4 0-1

[Event "EuTCh"]
[Site "Leon ESP"]
[Date "2001.11.06"]
[Round "1"]
[White "Banikas,H"]
[Black "Brady,S"]
[Result "1/2-1/2"]
[WhiteElo "2526"]
[BlackElo "2333"]
[EventDate "2001.11.06"]

1. d4 Nf6 2. c4 e6 3. Nf3 b6 4. Nc3 Bb4 5. Qb3 c5 6. Bg5 h6 7. Bh4 Bb7 8.
O-O-O Bxc3 9. bxc3 Nc6 10. d5 Na5 11. Qc2 Qe7 12. e4 e5 13. Nd2 g5 14. Bg3
d6 15. Be2 Qd7 16. h4 O-O-O 17. Nf1 Kb8 18. Ne3 Bc8 19. Rh2 Rhf8 20. hxg5
hxg5 21. f3 Rh8 22. Rdh1 Rxh2 23. Rxh2 Rg8 24. Be1 Qe8 25. Bd3 Rh8 26. Rxh8
Qxh8 27. Qf2 Qh1 28. Qf1 Qxf1 29. Bxf1 Nh7 30. Kc2 Kc7 31. Kd3 Kd8 32. Be2
Ke7 33. Bd1 Bd7 34. Bd2 Nb7 35. g3 Nd8 36. Nf5+ Bxf5 37. exf5 f6 38. Ba4
Nf7 39. Ke4 Nd8 40. Bc6 Nf7 41. Be1 Nf8 42. Bb5 Nh7 43. Ba6 Kd7 44. Kd3 Nh6
45. Ke4 Nf7 46. Bf2 Nf8 47. Bg1 Nh7 48. Be3 Nh6 49. Bb5+ Ke7 50. Ba4 Nf8
51. Bd1 Nd7 52. Bd2 Nf7 53. Kd3 Nh6 54. Ke4 Nf7 55. Bc1 Nf8 56. Bc2 Nh7 57.
Ke3 Nh6 58. Ke2 Nf8 59. Be4 Nd7 60. Kd2 Nb8 61. Bc2 Nd7 62. Be4 Nb8 63. Kc2
Na6 64. a4 Nc7 65. Bd3 Ne8 66. Kb3 Ng7 67. g4 1/2-1/2

[Event "EuTCh"]
[Site "Leon ESP"]
[Date "2001.11.06"]
[Round "1"]
[White "Gallagher,Jo"]
[Black "Haznedaroglu,K"]
[Result "1-0"]
[WhiteElo "2511"]
[BlackElo "2328"]
[EventDate "2001.11.06"]

1. e4 e5 2. Nf3 Nc6 3. Bb5 Nf6 4. d3 d6 5. c3 Be7 6. Nbd2 O-O 7. O-O a6 8.
Ba4 b5 9. Bc2 d5 10. Qe2 Bg4 11. h3 Bh5 12. Re1 Re8 13. Nf1 Bg6 14. a4 b4
15. a5 Qd6 16. Nh4 d4 17. cxb4 Nxb4 18. Bb3 Nd7 19. Nxg6 hxg6 20. Bc4 Reb8
21. f4 Bf6 22. g3 Nc5 23. Nh2 Nc6 24. Ra3 Rb4 25. Qc2 Rab8 26. Nf3 Na7 27.
Rf1 Ne6 28. Nh2 Qc6 29. Ng4 Nb5 30. Rb3 Nd6 31. Rxb4 Rxb4 32. fxe5 Nxc4 33.
exf6 Nxa5 34. Qd2 Qd6 35. e5 Qc5 36. fxg7 g5 37. Nh6+ Kxg7 38. Rxf7+ Kxh6
39. Rf6+ Kh7 40. Qe1 Nb3 41. Qe4+ Kg8 42. Qg6+ Ng7 43. Qf7+ Kh7 44. Bxg5
Rb6 45. Bh6 1-0

[Event "EuTCh"]
[Site "Leon ESP"]
[Date "2001.11.06"]
[Round "1"]
[White "Atakisi,U"]
[Black "Jenni,F"]
[Result "0-1"]
[WhiteElo "2278"]
[BlackElo "2487"]
[EventDate "2001.11.06"]

1. e4 e5 2. Nf3 Nc6 3. Bb5 a6 4. Ba4 Nf6 5. O-O Be7 6. Re1 b5 7. Bb3 O-O 8.
a4 Bb7 9. d3 d6 10. c3 Nd7 11. axb5 axb5 12. Rxa8 Bxa8 13. Nbd2 Nc5 14. Bc2
Ne6 15. Nf1 Bf6 16. Ne3 g6 17. Bb3 Qd7 18. Nd5 Bg7 19. Ng5 Ne7 20. Nxe7+
Qxe7 21. Bxe6 fxe6 22. Qb3 d5 23. Qxb5 Qd6 24. Be3 Bc6 25. Qc5 Qd7 26. c4
d4 27. Bc1 Ra8 28. Nf3 Qd6 29. Qxd6 cxd6 30. b4 Ba4 31. Ng5 Bc2 32. Nxe6
Bxd3 33. c5 dxc5 34. Nxg7 Kxg7 35. bxc5 Ra5 36. f4 Kf6 37. Bb2 Ra2 38. Bc1
Rc2 39. Ba3 exf4 40. e5+ Ke6 41. c6 Rxc6 42. Rd1 Be4 43. Rxd4 Kxe5 44. Rd2
g5 45. Bb2+ Kf5 46. Kf2 Rb6 47. g3 Rb3 48. gxf4 gxf4 49. Kg1 Kg4 50. Re2
Bb7 51. Rc2 Rd3 52. Rf2 Ba6 53. Rf1 Rd8 54. Ra1 Kf3 55. Ra3+ Bd3 56. Bg7
Ke3 57. Be5 f3 58. Bg3 Rg8 59. Ra2 h5 60. Kh1 Rxg3 0-1

[Event "EuTCh"]
[Site "Leon ESP"]
[Date "2001.11.06"]
[Round "1"]
[White "Ekstroem,R"]
[Black "Erdogan,H"]
[Result "1-0"]
[WhiteElo "2495"]
[BlackElo "2292"]
[EventDate "2001.11.06"]

1. Nf3 c5 2. c4 Nf6 3. Nc3 e6 4. e4 Nc6 5. Be2 d5 6. exd5 exd5 7. d4 cxd4
8. Nxd4 dxc4 9. Nxc6 Qxd1+ 10. Nxd1 bxc6 11. Bxc4 Bb4+ 12. Bd2 Bxd2+ 13.
Kxd2 Be6 14. Bxe6 fxe6 15. Rc1 O-O-O+ 16. Ke2 Rd6 17. Ne3 Rhd8 18. Rhd1 Nd5
19. g3 Nxe3 20. Rxd6 Rxd6 21. Kxe3 Kc7 22. Rc4 a5 23. Rh4 h6 24. Rf4 Rd7
25. h4 c5 26. h5 Kc6 27. b3 Kb5 28. Re4 Rd6 29. Ke2 Kc6 30. Ra4 Kb5 31. Rg4
Rd5 32. a4+ Kc6 33. Rxg7 Rxh5 34. Ra7 Kb6 35. Re7 Re5+ 36. Kd3 h5 37. f4
Re1 38. f5 e5 39. Kc4 Re4+ 40. Kd5 Rg4 41. f6 Rxg3 42. f7 Rf3 43. Kxe5 Re3+
44. Kf6 Rf3+ 45. Kg7 Rg3+ 46. Kh8 Rf3 47. Re6+ Kc7 48. Kg7 1-0

[Event "EuTCh"]
[Site "Leon ESP"]
[Date "2001.11.06"]
[Round "1"]
[White "Fedorov,Alex"]
[Black "David,Alb"]
[Result "1-0"]
[WhiteElo "2599"]
[BlackElo "2522"]
[EventDate "2001.11.06"]

1. e4 d6 2. d4 Nf6 3. Bd3 e5 4. c3 d5 5. dxe5 Nxe4 6. Nf3 Nc5 7. Bc2 Bg4 8.
Bf4 Nc6 9. Nbd2 d4 10. O-O Bh5 11. Qb1 Bg6 12. Bxg6 hxg6 13. Rd1 dxc3 14.
Ne4 Qc8 15. Nxc3 Qf5 16. Be3 Ne6 17. a3 Rh5 18. Rd5 Qxb1+ 19. Rxb1 Ne7 20.
Rdd1 Nc6 21. g4 Rh3 22. Kg2 Rxf3 23. Kxf3 Nxe5+ 24. Kg3 Nc4 25. Bc1 Bd6+
26. Kg2 Be5 27. Ne2 g5 28. b3 Nd6 29. Bb2 Bxb2 30. Rxb2 1-0

[Event "EuTCh"]
[Site "Leon ESP"]
[Date "2001.11.06"]
[Round "1"]
[White "Wagener,C"]
[Black "Kovalev,A"]
[Result "0-1"]
[WhiteElo "2183"]
[BlackElo "2539"]
[EventDate "2001.11.06"]

1. e4 c5 2. Nf3 Nc6 3. d4 cxd4 4. Nxd4 Nf6 5. Nc3 d6 6. Bg5 e6 7. Qd2 a6 8.
O-O-O Bd7 9. Nb3 b5 10. Bd3 h6 11. Bxf6 Qxf6 12. f4 Qd8 13. Kb1 Be7 14. Qe3
Rb8 15. Rhf1 b4 16. Ne2 a5 17. Ng3 Qb6 18. Qxb6 Rxb6 19. Nd2 Rb8 20. Nc4
Kd8 21. f5 Kc7 22. Nh5 g6 23. fxg6 fxg6 24. Nf4 Rhg8 25. g3 g5 26. Ng2 Rgf8
27. Kc1 a4 28. Rxf8 Rxf8 29. Rf1 Rxf1+ 30. Bxf1 Nd4 31. Nge3 Nf3 32. h3 Bc6
33. Bd3 Ng1 34. Ng4 Nxh3 35. Nxh6 Nf2 36. Nd2 g4 37. Nf7 Be8 0-1

[Event "EuTCh"]
[Site "Leon ESP"]
[Date "2001.11.06"]
[Round "1"]
[White "Weber,Je"]
[Black "Azarov,S"]
[Result "0-1"]
[WhiteElo "2249"]
[BlackElo "2490"]
[EventDate "2001.11.06"]

1. d4 d5 2. c4 e6 3. Nc3 Nf6 4. Bg5 Be7 5. cxd5 exd5 6. e3 Nbd7 7. Qc2 O-O
8. Bd3 Re8 9. Nge2 Nf8 10. O-O g6 11. f3 Ne6 12. Bh4 c5 13. Bb5 Rf8 14.
dxc5 a6 15. Ba4 Nxc5 16. Rfd1 Be6 17. Bxf6 Bxf6 18. Nxd5 Nxa4 19. Nxf6+
Qxf6 20. Qxa4 Qxb2 21. Nf4 b5 22. Qa5 Qe5 23. Qb6 Bc4 24. Qd4 Qxd4 25. Rxd4
Rfd8 26. h4 Rxd4 27. exd4 b4 28. Rb1 a5 29. Rb2 a4 30. Rxb4 Bxa2 31. Ne2 a3
32. Nc3 Bd5 33. Rb1 a2 34. Ra1 Bc4 35. Kf2 Ra3 36. Ne4 Rd3 37. d5 f5 38.
Nf6+ Kf7 39. Nxh7 Rd2+ 40. Kg3 Rb2 41. Re1 Rb1 42. Ng5+ Kf8 43. Nh7+ Kg8
0-1

[Event "EuTCh"]
[Site "Leon ESP"]
[Date "2001.11.06"]
[Round "1"]
[White "Kotronias,V"]
[Black "Kozul,Z"]
[Result "0-1"]
[WhiteElo "2548"]
[BlackElo "2569"]
[EventDate "2001.11.06"]

1. e4 c5 2. Nf3 d6 3. d4 cxd4 4. Nxd4 Nf6 5. Nc3 Nc6 6. Bg5 e6 7. Qd2 a6 8.
O-O-O Bd7 9. f4 b5 10. Bxf6 gxf6 11. Kb1 Qb6 12. Nxc6 Bxc6 13. Qe1 Ra7 14.
Bd3 h5 15. Qh4 Bg7 16. Rhf1 Qc5 17. f5 e5 18. Rf3 Rc7 19. Rg3 Kf8 20. a3 a5
21. Ne2 b4 22. axb4 axb4 23. Nc1 Ba4 24. Nb3 Qf2 25. Rf1 Qa7 26. Be2 Rc8
27. Rd3 Bb5 28. Rd2 Ra8 29. c4 bxc3 30. bxc3 Qa3 31. c4 Qxb3+ 32. Rb2 Qa3
33. cxb5 Ke7 0-1

[Event "EuTCh"]
[Site "Leon ESP"]
[Date "2001.11.06"]
[Round "1"]
[White "Cvitan,O"]
[Black "Clerides,P"]
[Result "1-0"]
[WhiteElo "2550"]
[BlackElo "2188"]
[EventDate "2001.11.06"]

1. c4 Nf6 2. g3 g6 3. Bg2 Bg7 4. Nc3 O-O 5. d4 d6 6. Nf3 Nbd7 7. O-O e5 8.
e4 c6 9. b3 Re8 10. h3 exd4 11. Nxd4 Qc7 12. Re1 b6 13. Bf4 Ne5 14. Qd2 Bb7
15. Rad1 Rad8 16. Bg5 a6 17. a4 Ba8 18. Nde2 Qa7 19. Kh1 b5 20. axb5 axb5
21. cxb5 cxb5 22. f4 b4 23. Nb5 Qc5 24. Ned4 Nc6 25. Nc7 Nxe4 26. Rxe4 Rxe4
27. Nxc6 Bxc6 28. Bxd8 Rd4 29. Qe2 Bxg2+ 30. Kxg2 Qc6+ 31. Kh2 Rxd1 32.
Qxd1 Qd7 33. Nd5 Qxd8 34. Nxb4 Qb6 35. Qe1 Bc3 36. Nd5 Bxe1 37. Nxb6 Bb4
38. Nd5 Bc5 39. b4 Bd4 40. b5 f5 41. b6 Kf7 42. b7 1-0

[Event "EuTCh"]
[Site "Leon ESP"]
[Date "2001.11.06"]
[Round "1"]
[White "Antoniou,A"]
[Black "Zelcic,R"]
[Result "1/2-1/2"]
[WhiteElo "2231"]
[BlackElo "2547"]
[EventDate "2001.11.06"]

1. e4 e5 2. Nf3 Nc6 3. d4 exd4 4. Nxd4 Nf6 5. Nc3 Bb4 6. Nxc6 bxc6 7. Bd3
d5 8. exd5 cxd5 9. Qe2+ Be7 10. O-O O-O 11. Bf4 Bd6 12. Bg5 c6 13. Rfe1 h6
14. Bh4 Rb8 15. Rab1 Rb4 16. Bg3 Bxg3 17. hxg3 Be6 18. a3 Rb8 19. b4 Ng4
20. Qf3 Qg5 21. Ne2 Qh5 22. Nf4 Qh2+ 23. Kf1 Bd7 24. Ke2 Ne5 25. Qe3 Rfe8
26. Rh1 Ng4 27. Rxh2 Rxe3+ 28. fxe3 Nxh2 29. Kd2 Ng4 30. e4 g5 31. Ne2 dxe4
32. Bxe4 Rd8 33. Kc3 Nf6 34. Bd3 Re8 35. Kd4 Be6 36. Kc5 Bd5 37. Nd4 Bxg2
38. Nxc6 Ne4+ 39. Bxe4 Bxe4 40. Nxa7 Ra8 41. Nc6 Bxc2 42. Rc1 Be4 43. Re1
Bxc6 44. Kxc6 Rxa3 45. b5 Rc3+ 46. Kd7 Rxg3 47. Rb1 Rd3+ 48. Kc7 Rc3+ 49.
Kd7 Rd3+ 1/2-1/2

[Event "EuTCh"]
[Site "Leon ESP"]
[Date "2001.11.06"]
[Round "1"]
[White "Zaja,I"]
[Black "Georghiou,A"]
[Result "1-0"]
[WhiteElo "2476"]
[BlackElo "2155"]
[EventDate "2001.11.06"]

1. d4 e6 2. c4 Nf6 3. Nc3 Bb4 4. e3 O-O 5. Bd3 c5 6. Nf3 Nc6 7. O-O d6 8.
Qc2 h6 9. Rd1 Qe7 10. dxc5 dxc5 11. Ne4 Ba5 12. Bd2 Bc7 13. Nxf6+ Qxf6 14.
Bc3 e5 15. Bh7+ Kh8 16. Be4 Bg4 17. h3 Be6 18. Qa4 Rac8 19. Qb5 Bb6 20. a4
Bf5 21. Bxf5 Qxf5 22. a5 e4 23. Rd5 Qe6 24. axb6 a6 25. Qxc5 exf3 26. Rd6
Qe4 27. Rxh6+ Kg8 28. Bxg7 Kxg7 29. Qg5+ Qg6 30. Rxg6+ fxg6 31. Rd1 1-0

[Event "EuTCh"]
[Site "Leon ESP"]
[Date "2001.11.07"]
[Round "2"]
[White "Pelletier,Y"]
[Black "Huebner,R"]
[Result "1/2-1/2"]
[WhiteElo "2545"]
[BlackElo "2612"]
[EventDate "2001.11.06"]

1. d4 d5 2. c4 c6 3. Nc3 Nf6 4. e3 a6 5. a4 e6 6. Nf3 Be7 7. b3 b6 8. Bd3
Bb7 9. O-O c5 10. cxd5 exd5 11. Bb2 Nc6 12. Rc1 O-O 13. Ne5 Bd6 14. Nxc6
Bxc6 15. h3 Re8 16. Ne2 Bb7 17. Rc2 Nd7 18. Nf4 Qg5 19. Qh5 Qxh5 20. Nxh5
g6 21. Nf4 Rac8 22. Rfc1 cxd4 23. Rxc8 Rxc8 24. Rxc8+ Bxc8 25. Bxd4 Bb7 26.
Be2 Nc5 27. Bd1 Bc6 1/2-1/2

[Event "EuTCh"]
[Site "Leon ESP"]
[Date "2001.11.07"]
[Round "2"]
[White "Hertneck,G"]
[Black "Gallagher,Jo"]
[Result "1/2-1/2"]
[WhiteElo "2570"]
[BlackElo "2511"]
[EventDate "2001.11.06"]

1. d4 Nf6 2. c4 g6 3. Nc3 Bg7 4. e4 d6 5. Nf3 O-O 6. Be2 e5 7. O-O Nc6 8.
d5 Ne7 9. Ne1 Nd7 10. Nd3 f5 11. Bd2 Nf6 12. f3 Kh8 13. b4 f4 14. Rc1 Neg8
15. c5 h5 16. Nf2 g5 17. cxd6 cxd6 18. Nb5 Ne8 19. a4 Nh6 20. h3 Rf6 21.
Rc3 a6 22. Na3 Rg6 23. Nc4 g4 24. fxg4 hxg4 25. hxg4 Nf6 26. a5 Nhxg4 27.
Nxg4 Bxg4 28. Bxg4 Nxg4 29. Qe2 Qg5 30. Rh3+ Kg8 31. Be1 Qe7 32. Rff3 Rc8
33. Rc3 Rf8 34. Bf2 Qd7 35. Nb6 Qe7 36. Kh1 Bf6 37. Bg1 Bh4 38. Nc8 Qg5 39.
Qf3 Bg3 40. Rc7 Rf7 41. Rxf7 Kxf7 42. Rxg3 Qd8 43. Nb6 Qh4+ 44. Rh3 Qe1 45.
Nc4 Qxb4 46. Qb3 Qe1 47. Qxb7+ Kf6 48. Qb6 Kg5 49. Qb2 Rh6 50. Rxh6 Kxh6
51. Qa3 Nf2+ 52. Kh2 Ng4+ 53. Kh1 1/2-1/2

[Event "EuTCh"]
[Site "Leon ESP"]
[Date "2001.11.07"]
[Round "2"]
[White "Jenni,F"]
[Black "Buhmann,R"]
[Result "1-0"]
[WhiteElo "2487"]
[BlackElo "2505"]
[EventDate "2001.11.06"]

1. e4 e6 2. d4 d5 3. Nc3 Nf6 4. Bg5 dxe4 5. Nxe4 Be7 6. Bxf6 gxf6 7. Nf3 b6
8. Bb5+ c6 9. Bc4 Bb7 10. Qe2 Nd7 11. O-O-O Qc7 12. Rhe1 O-O-O 13. Ba6 Bxa6
14. Qxa6+ Kb8 15. Kb1 Rhg8 16. g3 f5 17. Ned2 Bf6 18. Nc4 h5 19. Ne3 Bh8
20. Ng2 Nf6 21. Nf4 Ne4 22. Qe2 h4 23. Nxh4 Bxd4 24. f3 Nc5 25. c3 Bf6 26.
Nhg2 b5 27. Qc2 Na4 28. Ne2 Qa5 29. Ngf4 Nb6 30. Nd3 Nd5 31. Nd4 Qb6 32.
Ne5 Bxe5 33. Rxe5 f4 34. gxf4 Nxf4 35. a4 Nd5 36. Qb3 c5 37. a5 Qxa5 38.
Nc6+ 1-0

[Event "EuTCh"]
[Site "Leon ESP"]
[Date "2001.11.07"]
[Round "2"]
[White "Krasenkow,M"]
[Black "Fedorov,Alex"]
[Result "1-0"]
[WhiteElo "2592"]
[BlackElo "2599"]
[EventDate "2001.11.06"]

1. d4 Nf6 2. c4 g6 3. Nc3 Bg7 4. e4 d6 5. Nf3 O-O 6. Be2 e5 7. O-O Nc6 8.
d5 Ne7 9. b4 Nh5 10. Re1 a5 11. bxa5 Rxa5 12. a4 c5 13. Ra3 Nf6 14. Nh4 Ne8
15. g3 f5 16. exf5 gxf5 17. f4 Ng6 18. Ng2 Nf6 19. h3 Bd7 20. Bd3 Kh8 21.
Nb5 Ra6 22. Bb2 Ne4 23. Re3 Rg8 24. Qf1 exf4 25. Bxg7+ Rxg7 26. Nxf4 Qg5
27. Nxg6+ Qxg6 28. Bxe4 fxe4 29. Qf8+ Rg8 30. Qf4 Bxh3 31. Qxe4 Qg7 32. Qh4
Bf5 33. Rf3 Bc2 34. a5 Bd1 35. Rf1 Be2 36. Rf2 Re8 37. Qf4 Re5 38. Nc7 Bxc4
39. Qxc4 Qxc7 40. Rf8+ Kg7 41. Raf3 Qe7 42. Qg4+ Rg5 43. Qf4 Qe5 44. Rg8+
1-0

[Event "EuTCh"]
[Site "Leon ESP"]
[Date "2001.11.07"]
[Round "2"]
[White "Dydyshko,V"]
[Black "Kempinski,R"]
[Result "1/2-1/2"]
[WhiteElo "2516"]
[BlackElo "2586"]
[EventDate "2001.11.06"]

1. d4 Nf6 2. c4 g6 3. Nc3 Bg7 4. e4 O-O 5. Nf3 c6 6. Bd3 d6 7. O-O Bg4 8.
Be3 Nfd7 9. Be2 c5 10. d5 Nb6 11. Qb3 a5 12. a3 a4 13. Qa2 N8d7 14. h3 Bxf3
15. Bxf3 e6 16. dxe6 fxe6 17. Rad1 Rxf3 18. gxf3 Ne5 19. f4 Qh4 20. Kg2
Nexc4 21. Rxd6 Re8 22. Rfd1 g5 23. Rxb6 Nxb6 24. Bxc5 gxf4 25. Bxb6 f3+ 26.
Kxf3 Bxc3 27. Rg1+ Bg7 28. Qc4 Qxh3+ 29. Rg3 Qh1+ 30. Ke2 Qh5+ 31. Kf1 Qh1+
32. Ke2 Qh5+ 1/2-1/2

[Event "EuTCh"]
[Site "Leon ESP"]
[Date "2001.11.07"]
[Round "2"]
[White "Socko,B"]
[Black "Azarov,S"]
[Result "1/2-1/2"]
[WhiteElo "2564"]
[BlackElo "2490"]
[EventDate "2001.11.06"]

1. e4 e5 2. Nf3 Nc6 3. Bb5 a6 4. Ba4 Nf6 5. O-O Be7 6. Re1 b5 7. Bb3 d6 8.
c3 O-O 9. h3 Nb8 10. d4 Nbd7 11. Nbd2 Bb7 12. Bc2 Re8 13. a4 c5 14. b3 b4
15. dxe5 bxc3 16. Nc4 Nxe5 17. Nfxe5 dxe5 18. Qf3 Nd7 19. Qxc3 Nf8 20. Rd1
Qc7 21. Bb2 f6 22. Ne3 Ne6 23. Qc4 Bf8 24. Rac1 Qf7 25. Bd3 Nd4 26. Qxf7+
Kxf7 27. Ba3 Rac8 28. Nc4 Kg6 29. Na5 c4 30. Rxc4 Rxc4 31. bxc4 Bxa3 32.
Nxb7 Ne6 33. c5 Nxc5 34. Nxc5 Bxc5 35. Bxa6 Ra8 36. Bb5 Rc8 37. Rd2 Bd4 38.
Kf1 Rc1+ 39. Ke2 Rb1 40. Kd3 Rf1 41. f3 Kg5 42. a5 Kf4 43. a6 Rf2 44. Rxf2
Bxf2 45. Ke2 Bd4 46. h4 Kg3 47. h5 Kxg2 48. Bd7 Kg3 49. Bf5 Kh4 50. Bxh7
Kxh5 51. Kd3 1/2-1/2

[Event "EuTCh"]
[Site "Leon ESP"]
[Date "2001.11.07"]
[Round "2"]
[White "Smetankin,S"]
[Black "Markowski,T"]
[Result "1/2-1/2"]
[WhiteElo "2443"]
[BlackElo "2550"]
[EventDate "2001.11.06"]

1. e4 e5 2. Nf3 Nc6 3. Bb5 Nf6 4. O-O Nxe4 5. d4 Nd6 6. Bxc6 dxc6 7. dxe5
Nf5 8. Qxd8+ Kxd8 9. Nc3 Ne7 10. h3 Ng6 11. Re1 h6 12. b3 Bb4 13. Bb2 Ke8
14. a3 Bxc3 15. Bxc3 c5 16. b4 cxb4 17. axb4 Nf4 18. e6 fxe6 19. Be5 Rf8
20. Nd4 c6 21. b5 Bd7 1/2-1/2

[Event "EuTCh"]
[Site "Leon ESP"]
[Date "2001.11.07"]
[Round "2"]
[White "Delchev,A"]
[Black "Bacrot,E"]
[Result "1/2-1/2"]
[WhiteElo "2634"]
[BlackElo "2653"]
[EventDate "2001.11.06"]

1. Nf3 c5 2. c4 Nc6 3. Nc3 e5 4. a3 Nf6 5. e3 d6 6. d4 cxd4 7. exd4 Be7 8.
d5 Nb8 9. Be2 O-O 10. O-O h6 11. b4 Bf5 12. Bb2 Re8 13. Rc1 Bf8 14. Re1
Nbd7 15. Bf1 Rc8 16. h3 a6 1/2-1/2

[Event "EuTCh"]
[Site "Leon ESP"]
[Date "2001.11.07"]
[Round "2"]
[White "Lautier,J"]
[Black "Spasov,V"]
[Result "1-0"]
[WhiteElo "2653"]
[BlackElo "2569"]
[EventDate "2001.11.06"]

1. d4 Nf6 2. c4 g6 3. Nc3 Bg7 4. e4 d6 5. Nf3 O-O 6. Be2 e5 7. O-O Nc6 8.
d5 Ne7 9. b4 Nh5 10. Re1 a5 11. bxa5 c5 12. a4 Nf4 13. Bf1 h6 14. Nb5 g5
15. Nd2 Kh8 16. Ra3 Ng8 17. g3 Ng6 18. Be2 N6e7 19. Bg4 f5 20. exf5 Bxf5
21. Ne4 Bxe4 22. Rxe4 Nf6 23. Ree3 Nxg4 24. Qxg4 Nf5 25. Rf3 Nd4 26. Rxf8+
Qxf8 27. Bb2 Re8 28. Re3 Qf6 29. Nc3 Rf8 30. Ne4 Qf7 31. Bxd4 exd4 32. Rb3
Qe8 33. Rxb7 Qxa4 34. h4 d3 35. hxg5 Qxa5 36. Qd1 Qa6 37. Re7 Qxc4 38. gxh6
Bd4 39. Qh5 d2 40. Qg6 d1=Q+ 41. Kh2 Qh1+ 42. Kxh1 Qf1+ 43. Kh2 Rxf2+ 44.
Nxf2 Qxf2+ 45. Kh3 Qf1+ 46. Kg4 Qd1+ 47. Kg5 Qc1+ 48. Kf5 Qb1+ 49. Re4 Qf1+
50. Ke6 Qf8 51. Kd7 Be5 52. g4 1-0